Kahlil Gibran ngọn lửa vĩnh cửu

محفوظ في:
التفاصيل البيبلوغرافية
المؤلف الرئيسي: Young, Barbara
التنسيق: كتاب
اللغة:Undetermined
منشور في: Thành phố Hồ Chí Minh Văn hóa Sài Gòn 2009
الموضوعات:
الوسوم: إضافة وسم
لا توجد وسوم, كن أول من يضع وسما على هذه التسجيلة!
Thư viện lưu trữ: Trung tâm Học liệu Trường Đại học Cần Thơ
LEADER 00675nam a2200217Ia 4500
001 CTU_176120
008 210402s9999 xx 000 0 und d
020 |c 63000 
082 |a 928.1 
082 |b Y68 
100 |a Young, Barbara 
245 0 |a Kahlil Gibran ngọn lửa vĩnh cửu 
245 0 |c Barbara Young ; Đỗ Tư Nghĩa dịch 
260 |a Thành phố Hồ Chí Minh 
260 |b Văn hóa Sài Gòn 
260 |c 2009 
650 |a Authors, Arab,Tác giả Ả Rập 
650 |x Biography,Tiểu sử 
650 |z United States,Nước Mỹ 
904 |i Hải 
980 |a Trung tâm Học liệu Trường Đại học Cần Thơ